书目信息 |
| 题名: |
VR战略
|
|
| 作者: | 杨栗洋 , 陈建英 , 曾华林 著 | |
| 分册: | ||
| 出版信息: | 北京 中国铁道出版社 2017.01 |
|
| 页数: | 236页 | |
| 开本: | 20cm | |
| 丛书名: | ||
| 单 册: | ||
| 中图分类: | TP391.98 | |
| 科图分类: | ||
| 主题词: | 计算机应用 | |
| 电子资源: | ||
| ISBN: | 978-7-113-22484-4 | |
| 000 | 01230nam0 2200265 450 | |
| 001 | 2354577133 | |
| 005 | 20231122152758.32 | |
| 010 | @a978-7-113-22484-4@dCNY45.00 | |
| 100 | @a20231121d2017 km y0chiy0120 ea | |
| 101 | 0 | @achi |
| 102 | @aCN@b110000 | |
| 200 | 1 | @aVR战略@AVR Zhan Lue@e从虚拟到现实的商业革命@f杨栗洋, 陈建英, 曾华林著@FYang Li Yang,Chen Jian Ying,Ceng Hua Lin Zhu |
| 210 | @a北京@c中国铁道出版社@d2017.01 | |
| 215 | @a236页@d20cm | |
| 300 | @a杨栗洋, 国内著名营销专家, 专注电商十年。 陈建英, 广东省现代移动互联网研究院新媒体研究中心主任。 曾华林, 广东省现代移动互联网研究院校企合作中心主任。 | |
| 330 | @a本书共分为七章, 主要内容包括VR产业崛起 : 一场势不可挡的虚拟现实革命 ; VR / AR生态圈 : 全球互联网巨头的战略布局 ; VR / AR应用 : 从虚拟到现实的商业化路径 ; VR + 购物 : 重塑未来零售业的图景等。 | |
| 510 | 1 | @a= Virtual reality strategy : from virtual to realbusiness revolution |
| 517 | 1 | @a从虚拟到现实的商业革命@ACong Xu Ni Dao Xian Shi De Shang Ye Ge Ming |
| 606 | 0 | @a计算机应用 |
| 690 | @aTP391.98@v4 | |
| 701 | 0 | @a杨栗洋@AYang Li Yang@4著 |
| 701 | 0 | @a陈建英@AChen Jian Ying@4著 |
| 701 | 0 | @a曾华林@ACeng Hua Lin@4著 |
| 801 | 0 | @aCN@b河南城建学院图书馆@c20231121 |
| 905 | @dTP391.98@eY228 | |
| VR战略:从虚拟到现实的商业革命/杨栗洋, 陈建英, 曾华林著.-北京:中国铁道出版社,2017.01 |
| 236页;20cm |
| 杨栗洋, 国内著名营销专家, 专注电商十年。 陈建英, 广东省现代移动互联网研究院新媒体研究中心主任。 曾华林, 广东省现代移动互联网研究院校企合作中心主任。 |
| ISBN 978-7-113-22484-4:CNY45.00 |
| 本书共分为七章, 主要内容包括VR产业崛起 : 一场势不可挡的虚拟现实革命 ; VR / AR生态圈 : 全球互联网巨头的战略布局 ; VR / AR应用 : 从虚拟到现实的商业化路径 ; VR + 购物 : 重塑未来零售业的图景等。 |
| ● |
| 相关链接 |
|
|
|
正题名:VR战略
索取号:TP391.98/Y228
 
预约/预借
| 序号 | 登录号 | 条形码 | 馆藏地/架位号 | 状态 | 备注 |
| 1 | 1548142 | 215481422 | 教务处资料室/ [索取号:TP391.98/Y228] | 在馆 | |
| 2 | 1548143 | 215481431 | 教务处资料室/ [索取号:TP391.98/Y228] | 在馆 | |
| 3 | 1548144 | 215481440 | 教务处资料室/ [索取号:TP391.98/Y228] | 在馆 | |
| 4 | 1548145 | 215481459 | 教务处资料室/ [索取号:TP391.98/Y228] | 在馆 | |
| 5 | 1548146 | 215481468 | 教务处资料室/ [索取号:TP391.98/Y228] | 在馆 |